书目信息 |
| 题名: |
同济都市建筑年度作品
|
|
| 作者: | 吴长福 , 汤朔宁 , 谢振宇 主编 ;同济大学建筑设计研究院 (集团) 公司 编 | |
| 分册: | ||
| 出版信息: | 上海 同济大学出版社 2016.01 |
|
| 页数: | 225页 | |
| 开本: | 21x21cm | |
| 丛书名: | ||
| 单 册: | ||
| 中图分类: | TU206 | |
| 科图分类: | ||
| 主题词: | 建筑设计--jian zhu she ji--作品集--中国--现代 | |
| 电子资源: | ||
| ISBN: | 978-7-5608-6146-3 | |
| 000 | 01593nam0 2200301 450 | |
| 001 | 0100195274 | |
| 005 | 20201116131456.70 | |
| 010 | @a978-7-5608-6146-3@dCNY72.00 | |
| 100 | @a20160311d2016 em y0chiy50 ea | |
| 101 | 0 | @achi@deng |
| 102 | @aCN@b310000 | |
| 105 | @aa z 000yy | |
| 106 | @ar | |
| 200 | 1 | @a 同济都市建筑年度作品@Atong ji du shi jian zhu nian du zuo pin@d= Yearbook of Tongji urban architectural design 2013-2014@f同济大学建筑设计研究院 (集团) 有限公司都市建筑设计院@Ftong ji da xue jian zhu she ji yan jiu yuan ( ji tuan ) you xian gong si du shi jian zhu she ji yuan@g吴长福, 汤朔宁, 谢振宇主编@Gwu chang fu , tang shuo ning , xie zhen yu zhu bian@zeng |
| 210 | @a上海@c同济大学出版社@d2016.01 | |
| 215 | @a225页@c图@d21x21cm | |
| 330 | @a本书收录了都市建筑设计院在2013-2014两年中完成的九十余项设计, 项目涵盖文化、教育、体育、办公、商业、医疗、住宅、历史保护、城市设计、环境设计等类型, 从作品的创新性、多样性和时代性, 充分展现了几十位主创设计师的学科研究专长和设计实践能力。 | |
| 510 | 1 | @aYearbook of Tongji urban architectural design 2013-2014@zeng |
| 540 | @a2013-2014同济都市建筑年度作品 | |
| 606 | 0 | @a建筑设计@Ajian zhu she ji@x作品集@y中国@z现代 |
| 690 | @aTU206@v5 | |
| 701 | 0 | @a吴长福@Awu chang fu@4主编 |
| 701 | 0 | @a汤朔宁@Atang shuo ning@4主编 |
| 701 | 0 | @a谢振宇@Axie zhen yu@4主编 |
| 712 | 02 | @a同济大学建筑设计研究院 (集团) 公司@Atong ji da xue jian zhu she ji yan jiu yuan ( ji tuan ) gong si@b都市建筑设计院@Bdu shi jian zhu she ji yuan@4编 |
| 801 | @aCN | |
| 901 | @a22 | |
| 905 | @a河南城建学院图书馆@b1294814-6@dTU206@eT819@f3 | |
| 同济都市建筑年度作品= Yearbook of Tongji urban architectural design 2013-2014/同济大学建筑设计研究院 (集团) 有限公司都市建筑设计院/吴长福, 汤朔宁, 谢振宇主编.-上海:同济大学出版社,2016.01 |
| 225页:图;21x21cm |
| ISBN 978-7-5608-6146-3:CNY72.00 |
| 本书收录了都市建筑设计院在2013-2014两年中完成的九十余项设计, 项目涵盖文化、教育、体育、办公、商业、医疗、住宅、历史保护、城市设计、环境设计等类型, 从作品的创新性、多样性和时代性, 充分展现了几十位主创设计师的学科研究专长和设计实践能力。 |
| ● |
| 相关链接 |
|
|
|
正题名: 同济都市建筑年度作品
索取号:TU206/T819
 
预约/预借
| 序号 | 登录号 | 条形码 | 馆藏地/架位号 | 状态 | 备注 |
| 1 | 1294814 | 212948145 | 建筑库101/101建筑库 43排1列4层/ [索取号:TU206/T819] | 在馆 | |
| 2 | 1294815 | 212948152 | 建筑库101/101建筑库 43排1列4层/ [索取号:TU206/T819] | 在馆 | |
| 3 | 1294816 | 212948169 | 建筑与城市规划学院资料室/101建筑库 16排3列5层/ [索取号:TU206/T819] | 在馆 |